000 00412nam a22001937a 4500
003 UA-OsUOA
001 1167
007 ta
008 20050721b un ||||| |||| 00| 0 ukr d
100 _aGude
700 _aK.
700 _aDuckworth
700 _aM.
942 _cBK
040 _aUA-OsUOA
_cUA-OsUOA
_dUA-OsUOA
245 _aMasterclass. Proficiency. T/B.
_bEnglish Practice
955 _a2
650 7 _2UDC
999 _c287329
_d287329